| 000 | 01562nam a2200205 a 4500 | ||
|---|---|---|---|
| 001 | ASIN1937570037 | ||
| 005 | 20170105102931.0 | ||
| 008 | 140224s2011 xxu eng d | ||
| 020 |
_a1937570037 (paperback) _c$28.00 |
||
| 020 | _a9781937570033 (paperback) | ||
| 040 | _a0 | ||
| 082 |
_a331.013 _bLIN 2012 |
||
| 100 | 1 | _aLindner, Evelin G. | |
| 245 | 1 | 2 |
_aA dignity economy / _cEvelin G. Lindner. |
| 260 |
_a[S.l.] : _bDignity Press, _c2011. |
||
| 300 |
_a460 p. ; _c23 cm. |
||
| 520 | _aThe economic crisis has many labels ranging from "subprime crisis" to "credit crunch," to "financial tsunami" or "economic Armageddon. Around the world, people are coming to a single diagnosis: "Something is deeply unhealthy in our world." This book advocates a deep paradigm shift, not just from one rigid paradigm to another rigid paradigm, but away from rigidity altogether. Away from massive institutions toward a global movement that is co-created by people and their enthusiastic energy. We need a dignity revolution, and not just in Tunisia or Egypt. Now we need a global dignity revolution, a world dignity movement, a movement that creates inclusion, both locally and globally. This book by the author of award winning books "Making Enemies - Humiliation and International Conflict", "Emotion and Conflict", as well as "Gender, Humiliation, and Global Security" provides an overview about the plurality of concepts and movements aimed at this. | ||
| 856 | 4 | 0 |
_3Amazon.com _uhttp://www.amazon.com/exec/obidos/ASIN/1937570037/chopaconline-20 |
| 942 |
_2ddc _cBK |
||
| 999 |
_c16041 _d16041 |
||